| 000 | 02014nam a2200277 a 4500 | ||
|---|---|---|---|
| 001 | ASIN0300024940 | ||
| 005 | 20170105102931.0 | ||
| 008 | 140410s1977 xxu eng d | ||
| 020 |
_a0300024940 (paperback) _c$26.00 |
||
| 020 | _a9780300024944 (paperback) | ||
| 040 | _a0 | ||
| 050 | 0 | 4 | _aJC421 |
| 082 | 0 | 4 |
_a321.8 _bLIJ 1977 |
| 100 | 1 | _aLijphart, Arend. | |
| 245 | 1 | 0 |
_aDemocracy in plural societies : _ba comparative exploration / _cArend Lijphart. |
| 260 |
_a[S.l.] : _bYale University Press, _c1977. |
||
| 300 |
_a248 p. ; _c21 cm. |
||
| 520 | _aWhile it may be difficult to achieve and maintain stable democratic governments in countries with deep religious, ideological, linguistic, cultural, or ethnic cleavages, Lijphart argues that it is not at all impossible. Through the analysis of political systems in six continents, he demonstrates that what he calls consociational democracy can be successful in severely divided or plural societies. "Here, once again, Arend Lijphart is directing our attention to matters which will surely engage much of the attention of students of comparative politics in the next decade." G. Bingham Powell, Jr., American Political Science Review "A study which can speak to such a wide audience in political science deserves a warm welcome from the profession." Government and Opposition "A copybook example of the comparative method of political analysis, as well as indispensable reading for all who have an interest in the nature and prospects of representative democracy, whether in Europe or beyond."-The Times Higher Education Supplement "This well-written work, containing a wealth of information on politics of many diverse nations, is highly recommended."-Library Journal. | ||
| 650 | 0 | _aComparative government | |
| 650 | 0 | _aCultural pluralism | |
| 650 | 0 | _aDemocracy | |
| 650 | 0 | _aDeveloping countries | |
| 650 | 0 | _aPolitical science | |
| 856 | 4 | 0 |
_3Amazon.com _uhttp://www.amazon.com/exec/obidos/ASIN/0300024940/chopaconline-20 |
| 942 |
_2ddc _cBK |
||
| 999 |
_c16060 _d16060 |
||